đź“–150premiers mots"Et monter lentement dans un immense amour"#2 Pancol - Statistiques

Statistiques générales
  • Ce quiz a Ă©tĂ© pris 6 fois
  • Le rĂ©sultat moyen est 85 sur 150
Statistiques - réponses
Mots % Correct
"Ă€
100%
Ă 
100%
a
100%
Ă€
100%
d'
100%
dans
100%
de
100%
De
100%
Elle
100%
elle
100%
en
100%
et
100%
Il
100%
il
100%
Je
100%
l'
100%
la
100%
lĂ ,
100%
le
100%
n'
100%
ni
100%
qu'
100%
qui
100%
sa
100%
un
100%
une
100%
est
83%
les
83%
lui,
83%
lui
83%
ne
83%
on
83%
pas
83%
Pour
83%
pour
83%
que
83%
ses
83%
son
83%
tout
83%
bien.
67%
du
67%
plus
67%
sur
67%
Toutes
67%
ans
50%
comme
50%
dix-
50%
huit
50%
jamais.
50%
dont
33%
eau,
33%
ordre.
33%
poche,
33%
route.
33%
serai
33%
sort
33%
23,
17%
besoin
17%
enfant
17%
flaque
17%
loin,
17%
monde, ...
17%
montre
17%
poivre
17%
regarder
17%
retard,
17%
sel
17%
vérifie
17%
vite,
17%
aéroport",
0%
aéroport,
0%
aie
0%
aille
0%
aperçoit
0%
barraient
0%
change
0%
chauffeur
0%
chauffeur,
0%
cheval
0%
claque
0%
col.
0%
confiance.
0%
disent
0%
dos,
0%
dragons,
0%
elfes
0%
file,
0%
houspiller
0%
joyeuse :
0%
lance,
0%
lettres
0%
malins
0%
orange.
0%
passe
0%
pays
0%
portière
0%
poudrier
0%
presque
0%
queue
0%
refaisait
0%
revient,
0%
revient...
0%
revient
0%
saute
0%
serpente
0%
taxi
0%
trolls
0%
vaincu
0%
Aucun quiz correspondant
Distribution des résultats
% des personnes avec chaque résultat
Percentile par nombre de réponses
Votre historique - résultats
Vous n’avez pas pris ce quiz